书目信息 |
| 题名: |
地质灾害深部位移监测技术规程 (试行)
|
|
| 作者: | 盛谦 起草 | |
| 分册: | ||
| 出版信息: | 武汉 中国地质大学出版社 2018.10 |
|
| 页数: | 29页 | |
| 开本: | 30cm | |
| 丛书名: | 团体标准 | |
| 单 册: | ||
| 中图分类: | P694-65 | |
| 科图分类: | ||
| 主题词: | 地质灾害--di zhi zai hai--变形--预测--技术规范--中国 | |
| 电子资源: | ||
| ISBN: | 978-7-5625-4316-9 | |
| 000 | 01289nam 2200325 450 | |
| 001 | CAL 0120182648045 | |
| 005 | 20190211154301.2 | |
| 010 | @a978-7-5625-4316-9@dCNY42.00 | |
| 094 | @aCN@bT/CAGHP 052-2018 | |
| 100 | @a20190211d2018 em y0chiy50 ea | |
| 101 | 0 | @achi |
| 102 | @aCN@b420000 | |
| 105 | @aak l 000yy | |
| 106 | @ar | |
| 200 | 1 | @a地质灾害深部位移监测技术规程 (试行)@Adi zhi zai hai shen bu wei yi jian ce ji shu gui cheng ( shi xing )@d= Technical specification of deep displacement monitoring for geohazard@zeng |
| 210 | @a武汉@c中国地质大学出版社@d2018.10 | |
| 215 | @a29页@c图@d30cm | |
| 225 | 2 | @a团体标准@Atuan ti biao zhun |
| 300 | @a中国地质灾害防治工程行业协会发布 2018-10-01发布 2018-12-01实施 | |
| 304 | @a本书无题名页, 200字段信息取自封面 | |
| 314 | @a起草人: 盛谦 ... [等] | |
| 330 | @a本标准规定了利用钻孔观测地质灾害体深部位移的相关监测项目、监测方法、监测孔布设以及监测资料整理工作的技术要求。 | |
| 410 | 0 | @12001 @a团体标准 |
| 510 | 1 | @aTechnical specification of deep displacement monitoring for geohazard@zeng |
| 586 | @a | |
| 606 | 0 | @a地质灾害@Adi zhi zai hai@x变形@x预测@x技术规范@y中国 |
| 690 | @aP694-65@v5 | |
| 701 | 0 | @a盛谦@Asheng qian@4起草 |
| 801 | 0 | @aCN@c20190211 |
| 905 | @a河南城建学院图书馆@dP694-65@eS474@f2 | |
| 地质灾害深部位移监测技术规程 (试行)= Technical specification of deep displacement monitoring for geohazard.-武汉:中国地质大学出版社,2018.10 |
| 29页:图;30cm.-(团体标准) |
| 中国地质灾害防治工程行业协会发布 2018-10-01发布 2018-12-01实施 |
| ISBN 978-7-5625-4316-9:CNY42.00 |
| 本标准规定了利用钻孔观测地质灾害体深部位移的相关监测项目、监测方法、监测孔布设以及监测资料整理工作的技术要求。 |
| ● |
| 相关链接 |
|
|
|
正题名:地质灾害深部位移监测技术规程 (试行)
索取号:P694-65/S474
 
预约/预借
| 序号 | 登录号 | 条形码 | 馆藏地/架位号 | 状态 | 备注 |
| 1 | 1414351 | 214143513 | 自科库401/401自科库 134排1列3层/ [索取号:P694-65/S474] | 在馆 | |
| 2 | 1414352 | 214143522 | 自科库401/401自科库 134排1列3层/ [索取号:P694-65/S474] | 在馆 |